[Event "Montigny le Bretonneux op 10th"]
[Site "Montigny le Bretonneux"]
[Date "2011.10.25"]
[Round "4"]
[White "Fouliard, Matthieu"]
[Black "Fouliard, Marc"]
[Result "1-0"]
[WhiteElo "1440"]
[BlackElo "1490"]
[PlyCount "103"]
[EventDate "2011.10.22"]
[EventType "swiss"]
[EventRounds "9"]
[EventCountry "FRA"]
[SourceTitle "EXT 2012"]
[Source "ChessBase"]
[SourceDate "2011.11.24"]
[SourceVersion "1"]
[SourceVersionDate "2011.11.24"]
[SourceQuality "1"]

1. e4 e5 2. Nf3 Nc6 3. Nc3 Nf6 4. d4 exd4 5. Nxd4 Bc5 6. Nxc6 bxc6 7. Bg5 d6 8. Bc4 Bxf2+ 9. Kxf2 Ng4+ 10. Qxg4 Bxg4 11. Bxd8 Rxd8 12. h3 Be6 13. Bxe6 fxe6 14. Ke3 0-0 15. Rhf1 e5 16. Ne2 d5 17. exd5 cxd5 18. Rxf8+ Rxf8 19. Rd1 d4+ 20. Nxd4 exd4+ 21. Rxd4 Rf6 22. Rd8+ Kf7 23. Rd7+ Kf8 24. Rxc7 Ra6 25. a3 Re6+ 26. Kd2 Rg6 27. g4 Rh6 28. Rxa7 Rxh3 29. c4 h5 30. c5 hxg4 31. c6 Ke8 32. c7 Kd7 33. b4 Rf3 34. Ke2 Rf8 35. b5 Rc8 36. b6 g3 37. Rb7 Kc6 38. Rb8 Rxc7 39. bxc7 Kxc7 40. Rg8 Kb6 41. Rxg7 Kb5 42. Rxg3 Ka4 43. Rg8 Kxa3 44. Rb8 Ka4 45. Kd3 Ka5 46. Kc3 Ka6 47. Rb1 Ka5 48. Kc4 Ka6 49. Kc5 Ka7 50. Kc6 Ka8 51. Kc7 Ka7 52. Ra1# 1-0